Teaching academic vocabulary K-8 : (رقم التسجيلة. 35241)

تفاصيل مارك
000 -الفاتح
حقل البيانات ثابتة الطول 00869nam a22002177a 4500
003 - محدد رقم الضبط
رقم الضبط OSt
005 - وقت وتاريخ اخر تعامل مع التسجيلة
رقم الضبط 20150408114219.0
008 - عناصر البيانات ثابتة الطول - معلومات عامة
حقل البيانات ثابتة الطول 140520s2013 nyu g b 001 0 eng d
020 ## - الرقم الدولى المعيارى للكتب
الرقم الدولى المعيارى للكتاب 9781462510290 (pbk.)
020 ## - الرقم الدولى المعيارى للكتب
الرقم الدولى المعيارى للكتاب 9781462510306 (hardcover)
040 ## - مصدر الفهرسة
وكالة الفهرسة الأصلية Ma-Un
082 00 - رقم تصنيف ديوى العشرى
رقم الطبعة 22
رقم التصنيف 372.44
رقم المادة TEA
245 00 - بيان العنوان
العنوان Teaching academic vocabulary K-8 :
بقية العنوان effective practices across the curriculum /
بيان المسئوليه,etc Camille Blachowicz ... [et al.].
260 ## - PUBLICATION, DISTRIBUTION, ETC. (IMPRINT)
مكان الناشر او الموزع New York ;
-- London :
اسم الناشر او الموزع Guilford Press,
تاريخ النشر أو التوزيع 2013
300 ## - الوصف المادى
التعداد xv, 176 p. ;
أبعاد الوعاء 26 cm.
504 ## - تبصرة ببليوجرافية
تبصرة ببليوجرافية,الخ Includes bibliographical references (pages 162-170) and index.
650 ## - المدخل الاضافى بالموضوع-مصطلح موضوعى
مصطلح موضوعي أو اسم جغرافي كعنصر مدخل Vocabulary
التقسيم الفرعي العام Study and teaching (Higher)
9 (RLIN) 45518
700 1# - المدخل الاضافى - اسم شخصى
الإسم الشخصى Blachowicz, Camille L. Z.
9 (RLIN) 45519
942 ## -
-- ddc
-- BOOK
999 ## -
-- 35241
-- 269741
المقتنيات
حالة الفقد نموذج السعر الفعال حالة تلف ليس للاعارة رقم الطلب رقم النسخة تاريخ الاكتساب مصدر التزويد Serial Enumeration / chronology الباركود الفرع الرئيسي Date last seen نوع المادة فى نظام كوها مصدر التصنيف او خطة الترفيف Total Checkouts
  2014-05-20   Not For Loan 372.44 TEA 1 2014-05-20 دار العرب EMF 00211535 مكتبة مجمع الطالبات بالمجمعة (EMF) 2014-05-20 كتاب Dewey Decimal Classification  
  2014-05-20     372.44 TEA 2 2014-05-20 دار العرب EMF 00211534 مكتبة مجمع الطالبات بالمجمعة (EMF) 2014-05-20 كتاب Dewey Decimal Classification